El libro de los doce sabios (Record no. 142092)

MARC details
000 -LEADER
campo de control de longitud fija 00868nam a2200229 i 4500
001 - NÚMERO DE CONTROL
campo de control 142092
003 - IDENTIFICADOR DE NÚMERO DE CONTROL
campo de control ES-MaACL
005 - FECHA Y HORA DE LA ÚLTIMA TRANSACCIÓN
campo de control 20230906200437.0
007 - CAMPO FIJO DE DESCRIPCIÓN FÍSICA--INFORMACIÓN GENERAL
campo de control de longitud fija t|
008 - DATOS DE LONGITUD FIJA--INFORMACIÓN GENERAL
campo de control de longitud fija 071002s1975 sp ||||1| spa d
130 0# - ENTRADA PRINCIPAL--TÍTULO UNIFORME
Título uniforme Libro de los doce sabios.
9 (RLIN) 164600
245 13 - MENCIÓN DEL TÍTULO
Título El libro de los doce sabios
Resto del título o Tractado de la nobleza y lealtad [ca. 1237] /
Mención de responsabilidad, etc. estudio y edición, John K. Walsh.
260 ## - PUBLICACIÓN, DISTRIBUCIÓN, ETC.
Lugar de publicación, distribución, etc. Madrid :
Nombre del editor, distribuidor, etc. Real Academia Española,
Fecha de publicación, distribución, etc. 1975 (
Fabricante Imp. Aguirre)
300 ## - DESCRIPCIÓN FÍSICA
Extensión 178 p. ;
Dimensiones 25 cm.
490 1# - MENCIÓN DE SERIE
Mención de serie Anejos del Boletín de la Real Academia Española ;
Designación de volumen o secuencia 39
650 ## - PUNTO DE ACCESO ADICIONAL DE MATERIA--TÉRMINO DE MATERIA
Término de materia o nombre geográfico como elemento de entrada Educación de príncipes-
Subdivisión de forma Obras anteriores a 1800.
9 (RLIN) 141555
700 1# - ENTRADA AGREGADA--NOMBRE PERSONAL
Nombre de persona Walsh, John K.
9 (RLIN) 115991
740 02 - ENTRADA AGREGADA--TÍTULO RELACIONADO/ANALÍTICO NO CONTROLADO
Título relacionado o analítico no controlado Tractado de la nobleza y lealtad.
830 1# - PUNTO DE ACCESO ADICIONAL DE SERIE-TÍTULO UNIFORME
Título uniforme Anejos del Boletín de la Real Academia Española ;
Designación de volumen o secuencia 39
9 (RLIN) 180902
852 ## - LOCALIZACIÓN
Ubicación ES-MaACL
Número de control de estantería C-9188
Holdings
Estatus retirado Estado de pérdida Estado de daño No para préstamo Biblioteca de origen Biblioteca actual Ubicación en estantería Fecha de adquisición Fuente de adquisición Total de préstamos Signatura topográfica completa Código de barras Visto por última vez Precio de reemplazo Tipo de ítem Koha
        Biblioteca del Ateneo de Madrid Biblioteca del Ateneo de Madrid Sala Palomar 17/01/2008     C-9188 1147846 23/02/2023 23/02/2023 Libro impreso